000
00278nam a2200109Ia 4500
005
20251222155103.0
008
251222s9999||||xx |||||||||||||| ||spa||
082
_a
MAN.140
245
0
_a
El gran libro de las preguntas y respuestas el Comer
264
_b
El Comercio
942
_c
LIB
999
_c
37742
_d
37742